Code de Commerce mexicain. (Registro nro. 296907)

Detalles MARC
000 -ENCABEZADO
Número de control [NR] 02642nam a22002897a 4500
005 - FECHA Y HORA DE LA ÚLTIMA TRANSACCIÓN
control field 20140926155610.0
008 - DE LONGITUD FIJA DE DATOS DE ELEMENTOS - INFORMACIÓN GENERAL
Elementos de longitud fija [NR] 140916s1894 fr ||||fr|||| 001 0 fre d
040 ## - FUENTE DE CATALOGACION [NR]
Quien Cataloga Sandra Yazo
Quien Clasifica Sandra Yazo
041 1# - CODIGO DE IDIOMA [R]
Código de idioma para texto/pista de sonido o título separado [R] Francés
082 04 - NUMERO DE CLASIFICACION DECIMAL DEWEY [R]
Número de la edición [NR] 20
Número de clasificación [R] 346.07972
092 ## - SIGNATURA TOPOGRAFICA LOCAL
Número de clasificación local E32N051
110 ## - ASIENTO PRINCIPAL--NOMBRE CORPORATIVO [NR]
Nombre corporativo o de jurisdicción como elemento de entrada [NR] México
ID de autoridad 64872
242 00 - TRADUCCION DEL TITULO POR LA AGENCIA CATALOGADORA [R]
Título [NR] Código de Comercio de México.
Parte restante del título [NR] Promulgado el 15 de septiembre de 1889 y vigente desde el 1 de enero de 1890
Mención de responsabilidad, etc. [NR] Traducido, anotado y con una introducción de Enrique Prudhomme
Código de idioma del título traducido [NR] spa
245 10 - MENCION DE TITULO [NR]
Título [NR] Code de Commerce mexicain.
Parte restante del título [NR] Promulgué le 15 septembre 1889. Mis en vigueur le 1 janvier 1890.
Mención de responsabilidad, etc. [NR] Traduit, annoté et précédé d’une Introduction par Henri Prudhomme.
260 ## - PUBLICACION, DISTRIBUCION, ETC. (PIE DE IMPRENTA) [R]
Lugar de publicación, distribución, etc. [R] París (Francia)
Nombre del editor, distribuidor, etc. [R] A. Durand et Pedone-Lauriel, éditeurs [Durand, A. y Pedone-Lauriel, editores]
-- Imp. G. Saint-Aubin et Thevenot [Imprenta Saint-Aubin y Thevenot]
Fecha de publicación, distribución, etc. [R] 1894
300 ## - DESCRIPCION FISICA [R]
Extensión [R] lxxxiv, 435 páginas
Dimensiones [R] 22 x 13 cm
490 #0 - MENCION DE SERIE [R]
Mención de serie [R] Collection de Codes étragers [Colección de Códigos extranjeros]
ISBN [NR] 10
500 ## - NOTA GENERAL [R]
Nota general [NR] Detalles físicos: Encuadernación rígida (holandesa) en cartón duro forrado en papel. Lomo en cuero, nervaduras sobre costura y adornos en dorado. Guardas en papel impreso, imitando papel de agua. Hoja de cortesía. Anteportada. Portada impresa en una sola tinta. Texto impreso en una sola columna. Notas de pie de página. Ejemplar en buen estado.
505 1# - NOTA DE CONTENIDO CON FORMATO PREESTABLECIDO [R]
Nota de contenido con formato preestablecido [NR] Introducción ; Libro 1 – 5: Sobre los Comerciantes ; Obligaciones comunes a todos aquellos que ejercen la profesión del comercio ; Los agentes o intermediarios -- El comercio terrestre ; Los actos de comercio y los contratos comerciales en general ; Las sociedades comerciales ; La comisión comercial ; El depósito de comercio ; El préstamo comercial ; La compraventa comercial ; Los contratos de seguros ; Los contratos y las letras de cambio ; Las libranzas y pagarés ; Cheques y cartas de crédito ; Transportes por vías terrestres y fluviales ; Prendas comerciales ; La moneda -- El comercio marítimo ; Embarcaciones ; Personas que intervienen en él ; Contratos especiales de comercio marítimo ; Riesgos, daños y accidentes en el comercio por mar ; Pago de averías -- Las quiebras -- Las instancias en materia de comercio ; Instancias ordinarias ; Instancias ejecutivas ; Procedimientos especiales en caso de quiebra.
506 ## - NOTA DE RESTRICCIONES DE ACCESO [R]
Condiciones de acceso [NR] Consulta en sala
546 ## - NOTA DE IDIOMA [R]
Nota de idioma [NR] Texto en francés
650 #7 - ASIENTO SECUNDARIO DE MATERIA - TERMINO TEMATICO [R]
9 (RLIN) 12717
Término temático o nombre geográfico como elemento de entrada [NR] Derecho comercial
Subdivisión geográfica [R] México
650 #7 - ASIENTO SECUNDARIO DE MATERIA - TERMINO TEMATICO [R]
Término temático o nombre geográfico como elemento de entrada [NR] Derecho comercial
Subdivisión general [R] Códigos
Subdivisión geográfica [R] México
9 (RLIN) 64535
690 ## - ASUNTO AGREGADO LOCAL DE ENTRADA - TÉRMINO TEMÁTICO (OCLC, RLIN)
9 (RLIN) 42767
Acceso temático local Derecho comercial
700 1# - ASIENTO SECUNDARIO - NOMBRE PERSONAL [R]
9 (RLIN) 64292
Nombre personal [NR] Prudhomme, Henri,
Fechas asociadas con el nombre [NR] 1851-
Término de relación [R] traductor
942 ## - ELEMENTOS DE ENTRADA AGREGADOS (KOHA)
Sistema de clasificación LOCAL
Tipo de ítem principal el descrito en 300a Libro
Edición 1
Clasificación E32N051
Existencias
Suprimido Perdido Sistema de clasificación Dañado No prestable Tipo de ítem específico Ubicación habitual Ubicación actual Localización Fecha de creación Forma de adquisición Costo Total préstamos Signatura topográfica Código de barras Última vez visto Ejemplar Price effective from Tipo de ítem
    LOCAL     Libro archivo Archivo Histórico Archivo Histórico Archivo histórico 16/09/2014 Donación 0.00   E32N051 L004497 16/09/2014 Ej.1 16/09/2014 Libro